| 000 | 01357cam a22003495a 4500 | ||
|---|---|---|---|
| 999 |
_c14254 _d14254 |
||
| 003 | EG-ScBUE | ||
| 005 | 20200119133654.0 | ||
| 008 | 100628s2006 ua f b | 001 0 ara d | ||
| 017 | _a17516 | ||
| 020 | _a9770269824 | ||
| 040 |
_aEG-ScBUE _bara _erda _cEG-ScBUE _dEG-ScBUE |
||
| 082 | 0 | 4 |
_a892.71008 _bم ف ض _222 |
| 100 | 0 |
_aمفضل الضبي، _dت. 168؟ هـ.، _eمؤلف. _915347 |
|
| 245 | 1 | 2 |
_aالمفضليات / _cتحقيق وشرح أحمد محمد شاكر، عبد السلام محمد هارون. |
| 250 | _aالطبعة التاسعة. | ||
| 264 | 1 |
_aالقاهرة : _bدار المعارف، _c2006. |
|
| 300 |
_a534 صفحة ؛ _c24 سم. |
||
| 336 |
_2rdacontent _aنص _btxt |
||
| 337 |
_2rdamedia _aبدون وسيط _bn |
||
| 338 |
_2rdacarrier _aمجلد _bnc |
||
| 490 | 0 |
_aذخائر العرب ؛ _v81 |
|
| 500 | _aيشتمل على فهارس. | ||
| 504 | _aيشتمل علي إرجاعات ببليوجرافية. | ||
| 541 |
_aألف باء ؛ _cشراء ؛ |
||
| 590 | _ashimaahisham | ||
| 650 | 7 |
_aالشعر العربي _xتاريخ ونقد. _2BUEsh _98538 |
|
| 653 |
_bARALIT _cJanuary2020 |
||
| 655 | _vReading book | ||
| 700 | 1 |
_915348 _aشاكر، أحمد محمد، _d1892-1958، _eمحقق. |
|
| 700 | 1 |
_915349 _aهارون، عبد السلام محمد، _eمحقق. |
|
| 942 |
_2ddc _cBB |
||